00418nam a22001457a 450000500170000000800410001702200130005804100220007108200120009310000230010524500390012826000460016730000330021365000260024620240704121620.0240704b |||||||| |||| 00| 0 eng d a10163107 aEnglish/Afrikaans a349 SOU lEnglish/Afrikaans  aSouth African Criminal Law Reports aCape Town:bJuta and Company Ltd, c2003  blxxxii, 647 pages; c26 cm.  aLegal practice bLaw